[Event "PRO League Group Stage"]
[Site "chess.com INT"]
[Date "2020.01.23"]
[Round "3"]
[White "Tsydypov, Zhamsaran"]
[Black "Petrosian, Tigran L."]
[Result "1-0"]
[WhiteTitle "GM"]
[BlackTitle "GM"]
[WhiteElo "2553"]
[BlackElo "2601"]
[WhiteTeam "Russia Wizards"]
[BlackTeam "Armenia Eagles"]
[WhiteFideId "4108566"]
[BlackFideId "13301616"]
[EventDate "2020.01.06"]

1. e4 c6 2. d4 d5 3. e5 Bf5 4. Nf3 e6 5. Be2 Nd7 6. Nbd2 h6 7. Nb3 Ne7 8. Bd2
Bh7 9. c4 dxc4 10. Na5 Qc7 11. Nxc4 Nd5 12. O-O N7b6 13. Na5 Be7 14. Rc1 O-O 15.
a3 Rad8 16. b4 a6 17. Qb3 Rd7 18. a4 Qb8 19. b5 cxb5 20. axb5 axb5 21. Bxb5 Rc7
22. Rxc7 Qxc7 23. Rc1 Qb8 24. Ne1 Rc8 25. Ra1 Qc7 26. h3 Bg6 27. Qb2 Be4 28. Rc1
Qb8 29. Nb3 Rxc1 30. Qxc1 Qc7 31. Nc5 Bxc5 32. Qxc5 Qxc5 33. dxc5 Nc7 34. Bd3
Bxd3 35. cxb6 Nd5 36. Nxd3 Nxb6 37. Bb4 Nc4 38. f4 f6 39. Kf2 Kf7 40. Kf3 b6 41.
Ke4 b5 42. Kd4 g5 43. fxg5 hxg5 44. Bc3 f5 45. Be1 f4 46. Bf2 Kg6 47. Nc5 Kf5
48. Nb7 Nxe5 49. Nd6+ Kf6 50. Ke4 Nd7 51. Nxb5 e5 52. Nc7 Kg6 53. Nd5 g4 54.
hxg4 Kg5 55. Kf3 e4+ 56. Kxe4 Kxg4 57. Nxf4 Nf6+ 58. Ke3 Nd7 59. Nd5 Ne5 60. Ke4
Ng6 61. Ne3+ Kg5 62. Bg3 Ne7 63. Bf4+ Kg6 64. g4 Nc6 65. Nd5 Na5 66. Kd4 Nc6+
67. Ke4 Na5 68. Ne7+ Kf6 69. Nf5 Nc4 70. g5+ Kg6 71. Nh4+ Kh5 72. g6 Nb6 73. g7
Nd7 74. Kf5 1-0

[Event "PRO League Group Stage"]
[Site "chess.com INT"]
[Date "2020.01.23"]
[Round "3"]
[White "Nepomniachtchi, Ian"]
[Black "Andriasian, Zaven"]
[Result "1-0"]
[WhiteTitle "GM"]
[BlackTitle "GM"]
[WhiteElo "2774"]
[BlackElo "2611"]
[WhiteTeam "Russia Wizards"]
[BlackTeam "Armenia Eagles"]
[WhiteFideId "4168119"]
[BlackFideId "13302000"]
[EventDate "2020.01.06"]

1. e4 c6 2. Nf3 d5 3. d3 g6 4. e5 Bg4 5. Nbd2 Bg7 6. d4 h5 7. h3 Bxf3 8. Nxf3 e6
9. c3 Ne7 10. Bd3 Nd7 11. Bg5 Bh6 12. Bxh6 Rxh6 13. Qd2 Rh8 14. Qf4 Nf5 15.
O-O-O Qe7 16. g4 Ng7 17. Ng5 a6 18. Kb1 b5 19. Rhe1 a5 20. Re3 Rf8 21. Nh7 Rh8
22. Nf6+ Kd8 23. Rf3 hxg4 24. hxg4 Ra7 25. Qe3 Ne8 26. g5 Nexf6 27. gxf6 Qf8 28.
Rh3 Kc7 29. Rdh1 Rxh3 30. Qxh3 Ra8 31. Qg3 Qg8 32. Rh6 b4 33. Be2 Rb8 34. Rh1
Qf8 35. Rh7 a4 36. c4 Qg8 37. Qh3 Qe8 38. c5 a3 39. Bd1 axb2 40. Rg7 Nf8 41. Qh8
Rd8 42. Qg8 Rd7 43. Kxb2 Qa8 44. Bb3 Qa6 45. Qxf8 Qe2+ 46. Bc2 Qd2 47. Rg8 Qc3+
48. Kc1 Qa1+ 49. Kd2 Qc3+ 50. Kd1 Qxd4+ 51. Ke2 Qg4+ 52. Kd2 Qd4+ 53. Bd3 Qxf2+
54. Kd1 Qg1+ 55. Kc2 b3+ 56. Kxb3 Qd1+ 57. Bc2 Qf3+ 58. Kb2 1-0

[Event "PRO League Group Stage"]
[Site "chess.com INT"]
[Date "2020.01.23"]
[Round "3"]
[White "Tomashevsky, Evgeny"]
[Black "Martirosyan, Haik M."]
[Result "1-0"]
[WhiteTitle "GM"]
[BlackTitle "GM"]
[WhiteElo "2705"]
[BlackElo "2613"]
[WhiteTeam "Russia Wizards"]
[BlackTeam "Armenia Eagles"]
[WhiteFideId "4147235"]
[BlackFideId "13306553"]
[EventDate "2020.01.06"]

1. c4 e5 2. g3 Nf6 3. Bg2 Nc6 4. Nc3 Bb4 5. Nd5 Be7 6. d3 O-O 7. Nf3 d6 8. Nxe7+
Qxe7 9. O-O Re8 10. b3 Bg4 11. h3 Bh5 12. Bb2 Rad8 13. Re1 d5 14. cxd5 Nxd5 15.
Qc1 Bxf3 16. Bxf3 Nd4 17. Bg2 Nb4 18. Bxd4 exd4 19. Bxb7 c6 20. a3 Nxd3 21. exd3
Qxb7 22. Qc4 Qd7 23. h4 h6 24. b4 Kh7 25. Rac1 f5 26. Rxe8 Rxe8 27. Qxc6 Qf7 28.
Qf3 Kh8 29. Kg2 Rf8 30. Rc5 Qb3 31. Ra5 Rf7 32. Qd5 Qxd5+ 33. Rxd5 f4 34. Rxd4
fxg3 35. fxg3 Rc7 36. Rd5 Kg8 37. Ra5 Rd7 38. Kf2 Kf7 39. Ke3 Re7+ 40. Kf4 Rd7
41. Ke4 Re7+ 42. Kf5 Rd7 43. d4 1-0

[Event "PRO League Group Stage"]
[Site "chess.com INT"]
[Date "2020.01.23"]
[Round "3"]
[White "Petrosian, Tigran L."]
[Black "Savchenko, Boris"]
[Result "1-0"]
[WhiteTitle "GM"]
[BlackTitle "GM"]
[WhiteElo "2601"]
[BlackElo "2573"]
[WhiteTeam "Armenia Eagles"]
[BlackTeam "Russia Wizards"]
[WhiteFideId "13301616"]
[BlackFideId "4147332"]
[EventDate "2020.01.06"]

1. Nf3 d6 2. g3 e5 3. Bg2 f5 4. O-O Nf6 5. c4 c6 6. d3 Nbd7 7. Nc3 a5 8. e4 fxe4
9. dxe4 Nc5 10. Be3 Qe7 11. Bxc5 dxc5 12. Qa4 Nd7 13. Qb3 Qf6 14. Rad1 Bd6 15.
Rd3 Bc7 16. Na4 Rb8 17. Bh3 Qe7 18. Rfd1 Nb6 19. Bxc8 Nxc8 20. Rd7 Qxd7 21. Rxd7
Kxd7 22. Nxc5+ Ke7 23. Nd3 Rf8 24. Ndxe5 Nd6 25. c5 Nb5 26. a4 Bxe5 27. axb5 a4
28. Qa3 Rxf3 29. Qxf3 Bxb2 30. Qd1 Rc8 31. Qxa4 g5 32. Qa7 1-0

[Event "PRO League Group Stage"]
[Site "chess.com INT"]
[Date "2020.01.23"]
[Round "3"]
[White "Sargsyan, Shant"]
[Black "Tsydypov, Zhamsaran"]
[Result "0-1"]
[WhiteTitle "GM"]
[BlackTitle "GM"]
[WhiteElo "2601"]
[BlackElo "2553"]
[WhiteTeam "Armenia Eagles"]
[BlackTeam "Russia Wizards"]
[WhiteFideId "13306766"]
[BlackFideId "4108566"]
[EventDate "2020.01.06"]

1. Nf3 Nf6 2. c4 g6 3. g3 Bg7 4. Bg2 O-O 5. d4 c6 6. O-O d5 7. Qb3 dxc4 8. Qxc4
Be6 9. Qc2 Bf5 10. Qd1 Nbd7 11. Nc3 Nd5 12. Re1 Nxc3 13. bxc3 Be4 14. Qb3 c5 15.
Ba3 Qb6 16. Rac1 Rfc8 17. e3 e6 18. Nd2 Bxg2 19. Kxg2 Qc6+ 20. f3 b5 21. Ne4 Bf8
22. Red1 Qa6 23. dxc5 Ne5 24. Nd6 Nc4 25. Nxc8 Rxc8 26. Bb4 Nxe3+ 27. Kh3 Qc6
28. Rf1 g5 29. g4 e5 30. Kg3 Qf6 31. Rfe1 Qf4+ 32. Kf2 Nxg4+ 33. Ke2 Qxh2+ 0-1

[Event "PRO League Group Stage"]
[Site "chess.com INT"]
[Date "2020.01.23"]
[Round "3"]
[White "Niemann, Hans Moke"]
[Black "Korobov, Anton"]
[Result "0-1"]
[WhiteTitle "IM"]
[BlackTitle "GM"]
[WhiteElo "2465"]
[BlackElo "2685"]
[WhiteTeam "Norway Gnomes"]
[BlackTeam "Germany Bears"]
[WhiteFideId "2093596"]
[BlackFideId "14105730"]
[EventDate "2020.01.06"]

1. d4 Nf6 2. c4 e6 3. Nf3 b6 4. a3 Bb7 5. Nc3 d5 6. cxd5 Nxd5 7. Qc2 Nxc3 8.
bxc3 Nd7 9. e4 c5 10. Bd3 cxd4 11. cxd4 Rc8 12. Qb1 h6 13. O-O Bd6 14. Bb2 O-O
15. Rc1 Qe7 16. Rxc8 Rxc8 17. Qe1 e5 18. Rd1 Bxa3 19. Bxa3 Qxa3 20. Bb5 Nf6 21.
dxe5 Nxe4 22. e6 fxe6 23. Bd7 Rf8 24. Bxe6+ Kh7 25. Bc4 Nc5 26. Ne5 Qb2 27. Qe3
Be4 28. Nd7 Rd8 29. Be2 Bg6 30. Ne5 Rxd1+ 31. Bxd1 Qa1 32. Qe2 Be4 33. f4 Qd4+
34. Kf1 Nd3 35. Nf3 Bxf3 36. Qxf3 Nxf4 37. Bc2+ Ng6 38. Ke2 Qe5+ 39. Kd2 a5 40.
g3 Qd6+ 41. Kc1 Kh8 42. Qf5 Nf8 43. h4 Qf6 44. Qd5 g6 45. Bb3 Qg7 46. g4 a4 47.
Ba2 a3 48. g5 h5 49. Kd2 Kh7 50. Ke3 Nd7 51. Qd3 Qe5+ 52. Kf3 Nc5 53. Qxa3 Qe4+
54. Kg3 Qg4+ 55. Kf2 Qxh4+ 56. Ke2 Qxg5 57. Qa7+ Kh6 58. Qxb6 Qe5+ 59. Kf1 Nd3
60. Qb1 Qe3 61. Qc2 h4 62. Qh2 Qc1+ 63. Kg2 Nf4+ 64. Kf2 g5 65. Kf3 Qc6+ 66. Ke3
h3 67. Qg3 Qg2 68. Qxg2 hxg2 69. Kf2 Kh5 70. Bb1 Kh4 71. Be4 Kh3 72. Bf3 Kh2 73.
Bxg2 Nxg2 74. Kf3 Ne3 75. Kxe3 g4 0-1

[Event "PRO League Group Stage"]
[Site "chess.com INT"]
[Date "2020.01.23"]
[Round "3"]
[White "Mons, Leon"]
[Black "Urkedal, Frode Olav Olsen"]
[Result "1-0"]
[WhiteTitle "GM"]
[BlackTitle "GM"]
[WhiteElo "2554"]
[BlackElo "2528"]
[WhiteTeam "Germany Bears"]
[BlackTeam "Norway Gnomes"]
[WhiteFideId "4614950"]
[BlackFideId "1506102"]
[EventDate "2020.01.06"]

1. Nf3 Nf6 2. c4 e6 3. g3 d5 4. Bg2 Be7 5. O-O O-O 6. b3 d4 7. e3 c5 8. Ne5 Qc7
9. f4 Nbd7 10. Nd3 e5 11. Bb2 exf4 12. gxf4 dxe3 13. dxe3 Nb6 14. Nc3 Bg4 15.
Qc2 Rad8 16. e4 Qc8 17. e5 Bf5 18. Rad1 Ng4 19. Qe2 Rd7 20. Nd5 Rfd8 21. Nf2
Nxf2 22. Qxf2 Bf8 23. Rd2 Na8 24. Rfd1 Nc7 25. Qg3 Kh8 26. Qg5 Bg6 27. f5 h6 28.
Qf4 Rxd5 29. cxd5 Bxf5 30. d6 Nb5 31. Bxb7 Qxb7 32. Qxf5 Kg8 33. Rf1 Nd4 34.
Bxd4 cxd4 35. Rxd4 g6 36. Qf6 Qd7 37. Rdf4 Bg7 38. Qxf7+ Qxf7 39. Rxf7 Bxe5 40.
d7 Bg7 41. Re7 1-0

[Event "PRO League Group Stage"]
[Site "chess.com INT"]
[Date "2020.01.23"]
[Round "3"]
[White "Bezold, Michael"]
[Black "Hammer, Jon Ludvig"]
[Result "1/2-1/2"]
[WhiteTitle "GM"]
[BlackTitle "GM"]
[WhiteElo "2479"]
[BlackElo "2628"]
[WhiteTeam "Germany Bears"]
[BlackTeam "Norway Gnomes"]
[WhiteFideId "4601718"]
[BlackFideId "1503707"]
[EventDate "2020.01.06"]

1. c4 e5 2. Nc3 Nf6 3. Nf3 Nc6 4. d3 Bb4 5. Bd2 d5 6. cxd5 Nxd5 7. e3 Nxc3 8.
bxc3 Bd6 9. Be2 O-O 10. O-O b6 11. e4 Qe7 12. Re1 Kh8 13. Bf1 Bg4 14. h3 Bh5 15.
Be2 Rad8 16. Bg5 f6 17. Be3 Bf7 18. Nh4 g6 19. Nf3 Na5 20. Qc2 c5 21. Bf1 Rc8
22. Rad1 Be6 23. Be2 Qf7 24. Rd2 Rg8 25. Rf1 Nc6 26. Qb1 Rc7 27. d4 Bc4 28. dxc5
Bxc5 29. Bxc5 Bxe2 30. Bxb6 Bxf1 31. Bxc7 Bxg2 32. Kxg2 Qxc7 33. Qb3 Nd8 34. Qd5
Re8 35. Qd7 Qxd7 36. Rxd7 Ne6 37. Rxa7 Nf4+ 38. Kg3 Rc8 39. Ra6 Rxc3 40. h4 g5
41. hxg5 fxg5 42. Rb6 h5 43. Rb3 Ne2+ 44. Kg2 Nf4+ 45. Kg3 Ne2+ 46. Kg2 Nf4+ 47.
Kg3 1/2-1/2

[Event "PRO League Group Stage"]
[Site "chess.com INT"]
[Date "2020.01.23"]
[Round "3"]
[White "Herrera Reyes, Jose Antonio"]
[Black "Moiseenko, Alexander"]
[Result "0-1"]
[WhiteTitle "FM"]
[BlackTitle "GM"]
[WhiteElo "2304"]
[BlackElo "2620"]
[WhiteTeam "Spain Raptors"]
[BlackTeam "Italy Gladiators"]
[WhiteFideId "2274914"]
[BlackFideId "14102560"]
[EventDate "2020.01.06"]

1. Nf3 c5 2. g3 Nc6 3. Bg2 e5 4. O-O g6 5. d3 Bg7 6. c3 d5 7. a3 a5 8. a4 Nge7
9. Na3 O-O 10. Nb5 h6 11. e4 Be6 12. Qe2 Qd7 13. Re1 Rad8 14. Be3 b6 15. h4 Bg4
16. Qc2 Kh7 17. Nh2 Bh3 18. Bh1 f5 19. f4 fxe4 20. dxe4 d4 21. cxd4 cxd4 22.
Rad1 Qe6 23. Bc1 Nb4 24. Qc7 Rd7 25. f5 Qb3 26. Nf3 Rxc7 27. Nxc7 gxf5 28. Ne6
Qxe6 0-1

[Event "PRO League Group Stage"]
[Site "chess.com INT"]
[Date "2020.01.23"]
[Round "3"]
[White "Martinez Reyes, Pedro Ramon"]
[Black "Valsecchi, Alessio"]
[Result "1/2-1/2"]
[WhiteTitle "FM"]
[BlackTitle "GM"]
[WhiteElo "2407"]
[BlackElo "2512"]
[WhiteTeam "Spain Raptors"]
[BlackTeam "Italy Gladiators"]
[WhiteFideId "3901807"]
[BlackFideId "818860"]
[EventDate "2020.01.06"]

1. e4 c5 2. Nf3 e6 3. c3 Nf6 4. e5 Nd5 5. Bc4 Nb6 6. Bb3 c4 7. Bc2 d6 8. d4 cxd3
9. Qxd3 Nc6 10. exd6 Qxd6 11. Qe4 Be7 12. O-O Qd5 13. Nbd2 Qxe4 14. Nxe4 f5 15.
Ng3 h6 16. h4 O-O 17. Re1 Kh8 18. Nh5 Nd5 19. Nf4 Nxf4 20. Bxf4 Bf6 21. h5 Bd7
22. Rad1 Be8 23. Rxe6 Bxh5 24. Rd7 Rf7 25. Red6 Rd8 26. Rxd8+ Nxd8 27. Ne5 Rf8
28. Nd7 Re8 29. Nxf6 gxf6 30. Rxf6 Kg7 31. Rxf5 Re1+ 32. Kh2 Re2 33. Be5+ Kg8
34. Bd3 Bg6 35. Bxe2 Bxf5 36. Bc4+ Kh7 37. Kg3 Kg6 38. Kf4 Ne6+ 39. Ke3 h5 40.
Bd5 b6 41. Be4 Nc5 42. Bxf5+ Kxf5 43. Bd4 Ne6 44. f3 h4 45. Kf2 Nf4 46. g4+ Ke6
47. b3 Nd3+ 48. Kg1 Nc1 49. f4 Ne2+ 50. Kh2 Nxf4 51. Be3 Ng6 52. Kh3 Ke5 53. a4
Ke4 54. Bf2 Kd3 55. c4 Kc3 56. a5 Kxb3 57. Bxb6 Kxc4 58. Bxa7 Kb5 59. Bb6 Ka6
60. Bd8 Kb5 61. Kg2 Ka6 62. Kh3 Kb5 63. g5 Ne5 64. Bc7 Ng6 65. Kg4 Kc6 66. Bh2
Kb5 67. Kf5 Nf8 68. Ke5 Kxa5 69. Kd6 h3 70. Ke7 Ng6+ 71. Kf6 Nh4 72. g6 Nxg6 73.
Kxg6 Kb5 74. Kg5 Kc6 75. Kg4 Kd5 76. Kxh3 1/2-1/2

[Event "PRO League Group Stage"]
[Site "chess.com INT"]
[Date "2020.01.23"]
[Round "3"]
[White "Sonis, Francesco"]
[Black "Diaz Camallonga, Carles"]
[Result "1-0"]
[WhiteTitle "IM"]
[BlackTitle "IM"]
[WhiteElo "2458"]
[BlackElo "2474"]
[WhiteTeam "Italy Gladiators"]
[BlackTeam "Spain Raptors"]
[WhiteFideId "895733"]
[BlackFideId "22235256"]
[EventDate "2020.01.06"]

1. c4 e6 2. Nc3 d5 3. d4 Be7 4. Nf3 Nf6 5. Bg5 h6 6. Bh4 O-O 7. e3 b6 8. Rc1 Bb7
9. Be2 Nbd7 10. O-O c5 11. cxd5 Nxd5 12. Bxe7 Qxe7 13. dxc5 Nxc5 14. Nxd5 Bxd5
15. b3 Rfd8 16. Qc2 Be4 17. Qb2 Nd3 18. Bxd3 Bxf3 19. Be2 Bb7 20. Rfd1 Qg5 21.
Bf1 Bf3 22. Rd4 Rxd4 23. Qxd4 Rd8 24. h4 Qe7 25. Qf4 Bh5 26. Rc7 Rd7 27. Rc8+
Rd8 28. Rc7 Rd7 29. Rc8+ Rd8 30. Qc7 Qxc7 31. Rxc7 Bg6 32. f3 a5 33. e4 Rd6 34.
a4 e5 35. Bc4 Kf8 36. Kf2 Ke8 37. Ke3 Kd8 38. Ra7 Rd7 39. Ra8+ Kc7 40. Bd5 Kd6
41. Rb8 Kc5 42. Rc8+ Kb4 43. Rc6 f6 44. Rxb6+ Ka3 45. Rb5 Bf7 46. Rxa5 Bxd5 47.
Rxd5 Rc7 48. Rb5 Rc2 49. a5 Rxg2 50. a6 Ra2 51. Ra5+ 1-0

[Event "PRO League Group Stage"]
[Site "chess.com INT"]
[Date "2020.01.23"]
[Round "3"]
[White "Lodici, Lorenzo"]
[Black "Forcen Esteban, Daniel"]
[Result "0-1"]
[WhiteTitle "IM"]
[BlackTitle "GM"]
[WhiteElo "2477"]
[BlackElo "2548"]
[WhiteTeam "Italy Gladiators"]
[BlackTeam "Spain Raptors"]
[WhiteFideId "884189"]
[BlackFideId "2288230"]
[EventDate "2020.01.06"]

1. d4 e6 2. c4 Bb4+ 3. Bd2 a5 4. g3 Nf6 5. Bg2 O-O 6. e3 d6 7. Ne2 Nbd7 8. O-O
e5 9. Bc1 exd4 10. exd4 d5 11. c5 a4 12. a3 Ba5 13. Qxa4 b6 14. c6 Nb8 15. b4 b5
16. Qb3 Bb6 17. Nbc3 Nxc6 18. Be3 Ne7 19. Nxb5 Ba6 20. Nbc3 Nf5 21. b5 Bb7 22.
Rad1 Nxe3 23. fxe3 Qe7 24. Nxd5 Bxd5 25. Bxd5 Rxa3 26. Qc4 Qxe3+ 27. Rf2 Ng4 28.
Bxf7+ Kh8 29. Rf1 Nxf2 30. Rxf2 Qe4 31. Qc1 Rf3 32. Rxf3 Qxf3 33. Bc4 Bxd4+ 34.
Nxd4 Qf2+ 35. Kh1 Qxd4 36. Qa3 Qe4+ 37. Kg1 Ra8 38. Qc3 Rd8 39. Bf1 Qd4+ 40.
Qxd4 Rxd4 41. Kf2 Rd2+ 42. Be2 Kg8 43. Ke3 Rb2 44. h4 Kf7 45. Bd3 h6 46. Ke4 Kf6
47. Bc4 Rb4 48. Kd5 Ra4 49. g4 Ra3 50. h5 Rg3 51. Be2 Kg5 52. Kc6 Rc3+ 53. Kd7
Kf4 54. Kd8 Ke3 55. Bd1 Rd3+ 56. Kxc7 Rxd1 57. b6 Rc1+ 58. Kd7 Rb1 59. Kc7 Kf4
60. b7 Kxg4 61. b8=Q Rxb8 62. Kxb8 Kxh5 0-1

[Event "PRO League Group Stage"]
[Site "chess.com INT"]
[Date "2020.01.23"]
[Round "3"]
[White "Vrolijk, Liam"]
[Black "Wojtaszek, Radoslaw"]
[Result "0-1"]
[WhiteTitle "IM"]
[BlackTitle "GM"]
[WhiteElo "2478"]
[BlackElo "2725"]
[WhiteTeam "Netherlands Mosquitoes"]
[BlackTeam "Poland Hussars"]
[WhiteFideId "1048333"]
[BlackFideId "1118358"]
[EventDate "2020.01.06"]

1. d4 d5 2. c4 c6 3. Nf3 Nf6 4. Nc3 e6 5. Bg5 Nbd7 6. cxd5 exd5 7. Qc2 Be7 8. e3
Nh5 9. Bxe7 Qxe7 10. Bd3 Nf4 11. O-O-O Nxd3+ 12. Qxd3 Nb6 13. Nd2 Bg4 14. f3 Bh5
15. h4 Bg6 16. e4 h5 17. Qe3 O-O-O 18. Kb1 dxe4 19. fxe4 Nd5 20. Nxd5 cxd5 21.
Ka1 Kb8 22. e5 Rc8 23. Rc1 Qe6 24. Nb3 b6 25. g3 Qf5 26. Rhf1 Rxc1+ 27. Qxc1 Qd3
28. Rd1 Qf3 29. Rf1 Qd3 30. Rd1 Qc2 31. Qxc2 Bxc2 32. Rf1 Bg6 33. Rc1 Bf5 34.
Nd2 Rh6 35. b3 Rg6 36. Rc3 Rg4 37. Rf3 g6 38. Re3 Rxd4 39. Nf3 Rd1+ 40. Kb2 d4
41. Re1 Rxe1 42. Nxe1 Kb7 43. Nf3 Kc6 44. Nxd4+ Kd5 45. Kc3 a6 46. Nf3 Bg4 47.
Ng5 Be6 48. Nf3 Ke4 49. Ng5+ Kxe5 50. Kd3 Bd5 51. Nh3 Be4+ 52. Ke3 a5 53. a3 Bc2
54. b4 axb4 55. axb4 Kd5 56. Ng5 f6 57. Nh7 Ke6 58. Kf4 Kf7 59. g4 Kg7 0-1

[Event "PRO League Group Stage"]
[Site "chess.com INT"]
[Date "2020.01.23"]
[Round "3"]
[White "Ducarmon, Quinten"]
[Black "Bartel, Mateusz"]
[Result "1-0"]
[WhiteTitle "IM"]
[BlackTitle "GM"]
[WhiteElo "2486"]
[BlackElo "2639"]
[WhiteTeam "Netherlands Mosquitoes"]
[BlackTeam "Poland Hussars"]
[WhiteFideId "1025007"]
[BlackFideId "1112635"]
[EventDate "2020.01.06"]

1. e4 g6 2. d4 Bg7 3. Nc3 d6 4. Be3 a6 5. Nf3 Nd7 6. Bd3 b5 7. O-O Bb7 8. a4 b4
9. Ne2 Ngf6 10. e5 Nd5 11. e6 fxe6 12. Ng5 Nf8 13. c4 bxc3 14. bxc3 Qd7 15. Rb1
Bc6 16. c4 Nf6 17. Nf4 e5 18. Nd5 Nxd5 19. cxd5 Bxd5 20. dxe5 Bxe5 21. Bxa6 e6
22. Bb7 Bxb7 23. Rxb7 h6 24. Nf3 Bf6 25. Qc2 Rh7 26. Rc1 Bd8 27. Ra1 Qc8 28. Qb1
Rf7 29. a5 c6 30. Rxf7 Kxf7 31. Bxh6 Qb8 32. Qc2 Rxa5 33. Rxa5 Bxa5 34. Ng5+ Kf6
35. h4 Nd7 36. h5 Ne5 37. f4 Qb6+ 38. Kh1 gxh5 39. fxe5+ dxe5 40. Ne4+ Ke7 41.
Bg5+ Kd7 42. Nc5+ Kc8 43. Be3 Qb4 44. Bf2 Qd2 45. Qh7 Bc7 46. Qg8+ Bd8 47. Qxe6+
Kb8 48. Qb3+ 1-0

[Event "PRO League Group Stage"]
[Site "chess.com INT"]
[Date "2020.01.23"]
[Round "3"]
[White "Dragun, Kamil"]
[Black "Klein, David"]
[Result "1-0"]
[WhiteTitle "GM"]
[BlackTitle "GM"]
[WhiteElo "2587"]
[BlackElo "2495"]
[WhiteTeam "Poland Hussars"]
[BlackTeam "Netherlands Mosquitoes"]
[WhiteFideId "1134167"]
[BlackFideId "1003623"]
[EventDate "2020.01.06"]

1. d4 Nf6 2. c4 e6 3. Nf3 c5 4. Nc3 d5 5. cxd5 Nxd5 6. e3 cxd4 7. exd4 Be7 8.
Bd3 O-O 9. O-O Nc6 10. a3 Nf6 11. Bg5 h6 12. Be3 Ng4 13. Bc2 Nxe3 14. fxe3 f5
15. Kh1 Bf6 16. Qe1 Qd6 17. Rd1 Kh8 18. e4 Qd8 19. e5 Be7 20. d5 exd5 21. Nxd5
Bc5 22. Nh4 Qg5 23. b4 Be7 24. Nf3 Qh5 25. b5 Bxa3 26. bxc6 bxc6 27. Nf4 Qg4 28.
Nh4 Re8 29. Nfg6+ Kg8 30. Nxf5 Ba6 31. Rf3 Bb4 32. Qe3 Rad8 33. Ra1 Bc8 34.
Nxh6+ gxh6 35. Qxh6 Qxf3 36. gxf3 Kf7 37. Bb3+ Rd5 38. Bxd5+ cxd5 39. Rxa7+ Ke6
40. Nf8+ Kf5 41. Qf6# 1-0

[Event "PRO League Group Stage"]
[Site "chess.com INT"]
[Date "2020.01.23"]
[Round "3"]
[White "Nasuta, Grzegorz"]
[Black "Spoelman, Wouter"]
[Result "0-1"]
[WhiteTitle "GM"]
[BlackTitle "GM"]
[WhiteElo "2561"]
[BlackElo "2578"]
[WhiteTeam "Poland Hussars"]
[BlackTeam "Netherlands Mosquitoes"]
[WhiteFideId "1141686"]
[BlackFideId "1010891"]
[EventDate "2020.01.06"]

1. e4 c5 2. Nf3 d6 3. Bb5+ Nc6 4. Bxc6+ bxc6 5. e5 Bg4 6. h3 Bh5 7. d3 dxe5 8.
g4 Bg6 9. Nxe5 Qd5 10. Nf3 e6 11. Nc3 Qd8 12. Ne5 Bd6 13. Nc4 Nf6 14. Qf3 Nd5
15. Bd2 Be7 16. O-O-O Rb8 17. Ne4 O-O 18. h4 f5 19. Ng5 fxg4 20. Qxg4 Bf5 21.
Qe2 Bf6 22. Rde1 Re8 23. Rhg1 Nb6 24. Nxb6 Bxb2+ 25. Kxb2 Qxb6+ 26. Bb4 Qxb4+
27. Kc1 Red8 28. Qe5 Qb1+ 29. Kd2 Rxd3+ 30. Ke2 Qxc2+ 31. Kf1 Rf8 32. h5 Qc4 33.
Re2 Rd5 34. Qe3 Bd3 35. Nxe6 Bxe2+ 0-1

[Event "PRO League Group Stage"]
[Site "chess.com INT"]
[Date "2020.01.23"]
[Round "3"]
[White "Korobov, Anton"]
[Black "Erigaisi, Arjun"]
[Result "1-0"]
[WhiteTitle "GM"]
[BlackTitle "GM"]
[WhiteElo "2685"]
[BlackElo "2575"]
[WhiteTeam "Germany Bears"]
[BlackTeam "Norway Gnomes"]
[WhiteFideId "14105730"]
[BlackFideId "35009192"]
[EventDate "2020.01.06"]

1. d4 d5 2. c4 e6 3. Nc3 c6 4. e4 dxe4 5. Nxe4 Bb4+ 6. Nc3 c5 7. a3 Bxc3+ 8.
bxc3 Nf6 9. Nf3 Nc6 10. Be3 Qa5 11. Bd2 Ne4 12. d5 Ne7 13. Bd3 exd5 14. cxd5
Nxd2 15. Qxd2 Nxd5 16. O-O Be6 17. Ng5 O-O-O 18. Nxe6 fxe6 19. Rfc1 Qc7 20. Qc2
h5 21. Rab1 h4 22. Be4 c4 23. a4 g5 24. h3 Rd7 25. Re1 Rf8 26. Qb2 Rf6 27. Rbd1
Qc5 28. Rd4 Rdf7 29. Bxd5 exd5 30. Re8+ Kc7 31. Qe2 Qd6 32. f3 Rf4 33. Re6 Qc5
34. Qe5+ Kd7 35. Rg6 Re7 36. Qxd5+ Qxd5 37. Rxd5+ Kc7 38. Rc5+ Kd7 39. Rgxg5 Re3
40. Rg7+ Kd6 41. Rh5 Rxc3 42. Rxb7 Rc1+ 43. Kh2 Rd4 44. Rxa7 c3 45. Ra6+ Kc7 46.
Rh7+ Kb8 47. Rb6+ Kc8 48. Rc6+ Kb8 49. a5 c2 50. a6 Rd8 51. Rxh4 1-0

[Event "PRO League Group Stage"]
[Site "chess.com INT"]
[Date "2020.01.23"]
[Round "3"]
[White "Braun, Arik"]
[Black "Niemann, Hans Moke"]
[Result "1-0"]
[WhiteTitle "GM"]
[BlackTitle "IM"]
[WhiteElo "2605"]
[BlackElo "2465"]
[WhiteTeam "Germany Bears"]
[BlackTeam "Norway Gnomes"]
[WhiteFideId "4663527"]
[BlackFideId "2093596"]
[EventDate "2020.01.06"]

1. Nf3 c5 2. e3 Nf6 3. d4 g6 4. d5 Bg7 5. c4 O-O 6. Nc3 d6 7. Be2 e5 8. e4 Kh8
9. h3 Na6 10. g4 Nc7 11. a4 Ng8 12. Be3 h6 13. Bd3 f5 14. gxf5 gxf5 15. exf5 e4
16. Nxe4 Bxf5 17. Qc2 Bh7 18. Ned2 Bxd3 19. Qxd3 Na6 20. Rg1 Nb4 21. Qg6 Qf6 22.
Qxf6 Bxf6 23. O-O-O Rae8 24. Kb1 Kh7 25. Rg4 Bh8 26. Rdg1 Nd3 27. b3 Rf5 28. Nh4
Rf7 29. Ne4 Nf6 30. Nxf6+ Rxf6 31. Ng6 Ne5 32. Nxe5 Rxe5 33. Kc2 Ref5 34. Kd3 b6
35. Rg8 Rf7 36. R8g6 Rh5 37. Rxd6 Rxh3 38. Re6 Bf6 39. a5 Bd8 40. a6 Rxf2 41.
Rxh6+ Rxh6 42. Bxf2 Rh2 43. Be1 Bf6 44. Bd2 Rh3+ 45. Ke4 Rxb3 46. d6 Rh3 47. Bg5
Kg6 48. d7 Rh8 49. Bxf6+ Kxf6 50. Kd5 Ke7 51. Kc6 Kd8 52. Rg6 Rf8 53. Re6 Rh8
54. Rd6 Rf8 55. Kb7 b5 56. cxb5 c4 57. b6 c3 58. bxa7 Ke7 59. d8=Q+ Rxd8 60.
Rxd8 c2 61. Rc8 1-0